000 01079nam a2200181 i 4500
001 170732
003 ES-MaACL
005 20230906214439.0
008 090401s18721879sp |||| | spa d
080 _a94(460)
110 2 _aReal Academia de la Historia (España)
_96309
245 1 0 _aDiscursos leídos ante la Academia de la Historia,
_f1872-1879 /
_cReal Academia de la Historia.
260 _aMadrid :
_b[s.n.],
_c1872 (
_fImp. de T. Fortanet)
300 _a1 v. ;
_c31 cm.
505 8 _aContiene: Antigüedades del Cerro de los Santos en término de Montealegre / Juan de Dios de la Rada y Delgado (110 p.). Contestación / Aureliano Fernández-Guerra y Orbe (p. 112-181 + 22 h. de lám.). Discurso leido ante S.M. el Rey D. Alfonso XII dedicado a la buena memoria de D. José Amador de los Ríos / Juan de Dios de la Rada y Delgado (28 p.). El gerundense y la España primitiva / Fidel Fita y Colomé (237 p.).
545 _aDed. autógrafa de Juan de Dios de la Rada y Delgado a la Biblioteca del Ateneo de Madrid.
852 _aES-MaACL
_jK-120
_z- Enc. pasta española
999 _c170732
_d170732